000 01166na a2200289 4500
001 23839
003 MIRAKIL
005 20181213155321.0
008 180104b tu 000 0
020 _a9786052952337
040 _aMilas
_btur
_cTR-AnCHP
041 _atur
082 _a956.101543
_bB26y 2017
090 _a956.101543 B26y 2017
100 _aBardakçı, Murat
245 _aYıkılış ve kurtuluş
_bOsmanlı imparatorluğu'nun çöküş ve Türkiye Cumhuriyeti'nin kuruluş belgeleri
_cMurat Bardakçı
246 _aOsmanlı imparatorluğu'nun çöküş ve Türkiye Cumhuriyeti'nin kuruluş belgeleri
260 _aİstanbul
_bTürkiye İş Bankası Kültür Yayınları
_c2017
_fGolden Medya Matbaacılık
300 _a245 s.
_c30 sm.
440 _aTürkiye İş Bankası Kültür Yayınları
_vGenel yayın : 3989
504 _aDizin var.
650 _aTürkiye Cumhuriyeti
_xTarih
650 _aTürkiye Cumhuriyeti
_xKuruluş dönemi
_yBelgeler
650 _aOsmanlı İmparatorluğu
_xÇöküş dönemi
_yBelgeler
740 _aOsmanlı imparatorluğu'nun çöküş ve Türkiye Cumhuriyeti'nin kuruluş belgeleri
942 _2dcc
_cBKS
999 _c10421
_d10421